| 000 | 00706nam a22002057a 4500 | ||
|---|---|---|---|
| 005 | 20180215151558.0 | ||
| 010 | _aENG-122256 | ||
| 020 |
_a9788131253908 _c745.00 |
||
| 035 | _aEN-105788 | ||
| 037 | _bDBAD/PUB | ||
| 082 |
_a340 _210th ed. |
||
| 100 | _aRashid, M A | ||
| 245 |
_aThe ultimate guide to the LLB entrance examination 2018 / _cby M A Rashid [and] Nisa Fasil |
||
| 250 | _a10th ed | ||
| 260 |
_aGurgaon _bLexisNexis _c2018 |
||
| 270 |
_a14th floor, Building No 10, Tower-B, DLF cyber city, Phase-II _bGurgaon _e122002 _mhelp.in@lexisnexis.com _k+91 1244774444 _l+91 1244774100 |
||
| 300 |
_axxiii1033p. _c25cm(pbk) |
||
| 700 | _a Nisa Fasil | ||
| 942 |
_2ddc _cEN _h340 _mRAS |
||
| 999 |
_c149904 _d149904 |
||